Countries not bordering Countries with 6 borders or more - Statistics

General Stats
  • This quiz has been taken 97 times
  • The average score is 17 of 22
Answer Stats
COUNTRY % Correct
Canada
92%
United States
92%
Mexico
91%
El Salvador
89%
Panama
89%
Sweden
88%
Belize
87%
Costa Rica
87%
Guatemala
87%
Honduras
86%
Nicaragua
86%
Portugal
86%
Chile
82%
South Korea
76%
Ecuador
74%
Gambia
61%
Cambodia
59%
Israel
59%
Lebanon
57%
Thailand
55%
Malaysia
54%
Albania
50%
No matching quizzes found
Score Distribution
Percent of People with Each Score
Percentile by Number Answered
Your Score History
You have not taken this quiz